000 00624nam a2200241Ia 4500
003 OSt
005 20221007101414.0
006 a|||||r|||| 00| 0
007 ta
008 221006b |||||||| |||| 00| 0 eng d
024 _a6,396
037 _cTextual
040 _aLCO
_cLCO
_beng
041 _2eng
_aeng
082 _aV3,8, L2
100 _aHILL MICHAEL J
_9136286
245 0 _aSociology of Public Administration.
260 _aLondon
_bWorld University
_c1972
300 _a278
650 _aPUBLIC ADMINISTRATION
942 _hV3,8, L2
_cTEXL
999 _c1175959
_d1175959